<?xml version="1.0" encoding="UTF-8"?>
<record
    xmlns:xsi="http://www.w3.org/2001/XMLSchema-instance"
    xsi:schemaLocation="http://www.loc.gov/MARC21/slim http://www.loc.gov/standards/marcxml/schema/MARC21slim.xsd"
    xmlns="http://www.loc.gov/MARC21/slim">

  <leader>01675nam0a2200337   4500</leader>
  <controlfield tag="001">RU\NLR\bibl\84395</controlfield>
  <controlfield tag="005">20260406200833.0</controlfield>
  <datafield tag="010" ind1=" " ind2=" ">
    <subfield code="a">5-8037-0029-0</subfield>
    <subfield code="9">500</subfield>
  </datafield>
  <datafield tag="021" ind1=" " ind2=" ">
    <subfield code="a">RU</subfield>
    <subfield code="b">1999-52503</subfield>
    <subfield code="9">2604</subfield>
  </datafield>
  <datafield tag="035" ind1=" " ind2=" ">
    <subfield code="a">(NLR Aleph) 000082426</subfield>
  </datafield>
  <datafield tag="090" ind1=" " ind2=" ">
    <subfield code="a">459454</subfield>
    <subfield code="c">459454</subfield>
  </datafield>
  <datafield tag="100" ind1=" " ind2=" ">
    <subfield code="a">20000505d1999    |||y0rusy50      ca</subfield>
  </datafield>
  <datafield tag="101" ind1="1" ind2=" ">
    <subfield code="a">rus</subfield>
    <subfield code="c">geo</subfield>
  </datafield>
  <datafield tag="102" ind1=" " ind2=" ">
    <subfield code="a">RU</subfield>
  </datafield>
  <datafield tag="105" ind1=" " ind2=" ">
    <subfield code="a">ac  |||||||||</subfield>
  </datafield>
  <datafield tag="200" ind1="1" ind2=" ">
    <subfield code="a">&#x41E;&#x43D; &#x432;&#x435;&#x441;&#x44C; &#x431;&#x44B;&#x43B; &#x443;&#x441;&#x442;&#x440;&#x435;&#x43C;&#x43B;&#x435;&#x43D; &#x432; &#x431;&#x443;&#x434;&#x443;&#x449;&#x435;&#x435;...</subfield>
    <subfield code="e">&#x41E;&#x447;&#x435;&#x440;&#x43A;&#x438; &#x438; &#x432;&#x43E;&#x441;&#x43F;&#x43E;&#x43C;&#x438;&#x43D;&#x430;&#x43D;&#x438;&#x44F; &#x43E; &#x413;.&#x415;. &#x427;&#x438;&#x43A;&#x43E;&#x432;&#x430;&#x43D;&#x438;</subfield>
    <subfield code="f">&#x418;&#x43D;-&#x442; &#x444;&#x438;&#x437;&#x438;&#x43A;&#x438; &#x410;&#x43A;&#x430;&#x434;. &#x43D;&#x430;&#x443;&#x43A; &#x413;&#x440;&#x443;&#x437;&#x438;&#x438; &#x438; &#x434;&#x440;.</subfield>
    <subfield code="g">[&#x41D;.&#x413;. &#x422;&#x430;&#x442;&#x430;&#x43B;&#x430;&#x448;&#x432;&#x438;&#x43B;&#x438; (&#x441;&#x43E;&#x441;&#x442;. &#x438; &#x440;&#x435;&#x434;.</subfield>
    <subfield code="g">&#x420;&#x435;&#x434;&#x43A;&#x43E;&#x43B;.: &#x411;.&#x410;. &#x414;&#x43E;&#x43B;&#x433;&#x43E;&#x448;&#x435;&#x438;&#x43D; &#x438; &#x434;&#x440;.</subfield>
    <subfield code="h">&#x41F;&#x435;&#x440;. &#x441; &#x433;&#x440;&#x443;&#x437;. &#x422;.&#x414;. &#x41F;&#x443;&#x440;&#x446;&#x435;&#x43B;&#x430;&#x434;&#x437;&#x435;]</subfield>
  </datafield>
  <datafield tag="210" ind1=" " ind2=" ">
    <subfield code="a">&#x41C;.</subfield>
    <subfield code="c">&#x42F;&#x43D;&#x443;&#x441;-&#x41A;</subfield>
    <subfield code="d">1999</subfield>
  </datafield>
  <datafield tag="215" ind1=" " ind2=" ">
    <subfield code="a">112 &#x441;., [4] &#x43B;. &#x438;&#x43B;., &#x43F;&#x43E;&#x440;&#x442;&#x440;.</subfield>
    <subfield code="c">&#x43F;&#x43E;&#x440;&#x442;&#x440;.</subfield>
    <subfield code="d">21</subfield>
  </datafield>
  <datafield tag="300" ind1=" " ind2=" ">
    <subfield code="a">&#x412; &#x43D;&#x430;&#x434;&#x437;&#x430;&#x433;. &#x442;&#x430;&#x43A;&#x436;&#x435;: &#x424;&#x438;&#x437;. &#x438;&#x43D;-&#x442; &#x438;&#x43C;. &#x41F;.&#x41D;. &#x41B;&#x435;&#x431;&#x435;&#x434;&#x435;&#x432;&#x430; &#x420;&#x43E;&#x441;. &#x430;&#x43A;&#x430;&#x434;. &#x43D;&#x430;&#x443;&#x43A;, &#x41C;&#x43E;&#x441;&#x43A;. &#x438;&#x43D;&#x436;&#x435;&#x43D;&#x435;&#x440;.-&#x444;&#x438;&#x437;. &#x438;&#x43D;-&#x442;</subfield>
  </datafield>
  <datafield tag="600" ind1=" " ind2="1">
    <subfield code="a">&#x427;&#x438;&#x43A;&#x43E;&#x432;&#x430;&#x43D;&#x438;</subfield>
    <subfield code="b">&#x413;.&#x415;.</subfield>
    <subfield code="f">1928 - 1968</subfield>
    <subfield code="g">&#x413;&#x435;&#x43E;&#x440;&#x433;&#x438;&#x439; &#x415;&#x432;&#x433;&#x435;&#x43D;&#x44C;&#x435;&#x432;&#x438;&#x447;</subfield>
    <subfield code="9">2163416</subfield>
    <subfield code="3">RU\NLR\auth\661301834</subfield>
  </datafield>
  <datafield tag="600" ind1=" " ind2="1">
    <subfield code="a">&#x427;&#x438;&#x43A;&#x43E;&#x432;&#x430;&#x43D;&#x438;</subfield>
    <subfield code="b">&#x413;. &#x415;.</subfield>
    <subfield code="f">1928-1968</subfield>
    <subfield code="g">&#x413;&#x435;&#x43E;&#x440;&#x433;&#x438;&#x439; &#x415;&#x432;&#x433;&#x435;&#x43D;&#x44C;&#x435;&#x432;&#x438;&#x447;</subfield>
    <subfield code="2">psbo</subfield>
  </datafield>
  <datafield tag="686" ind1=" " ind2=" ">
    <subfield code="a">&#x412;38&#x434;(2)&#x427;&#x438;&#x43A;&#x43E;&#x432;&#x430;&#x43D;&#x438;</subfield>
  </datafield>
  <datafield tag="702" ind1=" " ind2="1">
    <subfield code="a">&#x422;&#x430;&#x442;&#x430;&#x43B;&#x430;&#x448;&#x432;&#x438;&#x43B;&#x438;</subfield>
    <subfield code="b">&#x41D;. &#x413;.</subfield>
    <subfield code="4">220</subfield>
  </datafield>
  <datafield tag="702" ind1=" " ind2="1">
    <subfield code="a">&#x414;&#x43E;&#x43B;&#x433;&#x43E;&#x448;&#x435;&#x438;&#x43D;</subfield>
    <subfield code="b">&#x411;. &#x410;.</subfield>
    <subfield code="4">340</subfield>
  </datafield>
  <datafield tag="712" ind1="0" ind2="2">
    <subfield code="4">570</subfield>
    <subfield code="a">&#x418;&#x43D;&#x441;&#x442;&#x438;&#x442;&#x443;&#x442; &#x444;&#x438;&#x437;&#x438;&#x43A;&#x438;</subfield>
    <subfield code="c">&#x422;&#x431;&#x438;&#x43B;&#x438;&#x441;&#x438;</subfield>
    <subfield code="3">RU\NLR\AUTH\889960387</subfield>
    <subfield code="9">417039</subfield>
  </datafield>
  <datafield tag="801" ind1=" " ind2="0">
    <subfield code="a">RU</subfield>
    <subfield code="b">NLR</subfield>
    <subfield code="c">20000505</subfield>
    <subfield code="g">PSBO</subfield>
  </datafield>
  <datafield tag="801" ind1=" " ind2="1">
    <subfield code="a">RU</subfield>
    <subfield code="b">NLR</subfield>
    <subfield code="c">20000505</subfield>
  </datafield>
  <datafield tag="852" ind1=" " ind2=" ">
    <subfield code="a">NLR</subfield>
    <subfield code="j">2000-3/2292</subfield>
  </datafield>
  <datafield tag="942" ind1=" " ind2=" ">
    <subfield code="c">BOOK</subfield>
  </datafield>
  <datafield tag="980" ind1=" " ind2=" ">
    <subfield code="a">NB</subfield>
  </datafield>
  <datafield tag="995" ind1=" " ind2=" ">
    <subfield code="5">2000-05-05</subfield>
    <subfield code="a">ad</subfield>
    <subfield code="b">NLR01</subfield>
    <subfield code="c">NLR01</subfield>
    <subfield code="e">RF8</subfield>
    <subfield code="f">29103</subfield>
    <subfield code="k">2000-3/2292</subfield>
    <subfield code="o">0</subfield>
    <subfield code="r">BOOK</subfield>
    <subfield code="s">200032292_</subfield>
  </datafield>
  <datafield tag="995" ind1=" " ind2=" ">
    <subfield code="5">2000-05-05</subfield>
    <subfield code="a">ad</subfield>
    <subfield code="b">NLR01</subfield>
    <subfield code="c">NLR01</subfield>
    <subfield code="e">RF8</subfield>
    <subfield code="f">29104</subfield>
    <subfield code="k">2000-3/2292</subfield>
    <subfield code="o">0</subfield>
    <subfield code="r">BOOK</subfield>
    <subfield code="s">200032292_</subfield>
  </datafield>
</record>
